000 00732nam a22002538i 4500
001 0008124685
003 OSt
005 20260704121658.0
008 260305s2026 quc 00 f fre
020 _a9782898601811
040 _aQMBN
_bfre
_erda
_cQMBN
050 4 _aPS8635*
082 0 4 _aL 1115veu
_223/20260305
100 1 _aL., Sara Agnès,
_d1975-
_eauteur
245 1 3 _aLa veuve /
_cSara Agnès L
263 _a202606
264 1 _aBlainville, Qub̌ec :
_bA ďiteur,
_c2026
300 _apages cm
336 _atexte
_btxt
_2rdacontent
337 _asans mďiation
_bn
_2rdamedia
338 _avolume
_bnc
_2rdacarrier
506 _a---- Ce titre n'est pas encore disponible sur le march -̌---
942 _2ddc
_cROM ADULTE
999 _c18917
_d18917